000 01696cam a2200469 4500
008 041116n2004 000 0 eng u
020 _a1405701870
035 _a(Sirsi) u127986
041 _aeng
050 _a347.09
_c22
100 _aSinger, Jayne
245 4 _aThe EU mediation atlas
_bpractice and regulation
260 _aLondon
_bLexis Nexis
_c2004
300 _axxii, 230p.
_c25cm.
350 _a50
520 _aFocusing on commercial disputes, provides a practical guide to the current status of mediation in EU member states. Organised on a country-by-country basis, each chapter contains information on the court structure within the country, the legal framework, mediation schemes and providers, the regulation of mediators, and other developments. Further chapters deal with mediation in the new members states and mediation in the EU more generally. Appendices provide comparative tables of the development of mediation, the EU code of conduct for mediators and the draft mediation directive.
590 _aNB
650 _aEUROPEAN UNION
650 _aAUSTRIA
650 _aBELGIUM
650 _aDENMARK
650 _aFINLAND
650 _aFRANCE
650 _aGERMANY
650 _aGREECE
650 _aIRELAND
650 _aITALY
650 _aLUXEMBOURG
650 _aNETHERLANDS
650 _aPORTUGAL
650 _aSPAIN
650 _aSWEDEN
650 _aUNITED KINGDOM
650 _aALTERNATIVE DISPUTE RESOLUTION
650 _aMEDIATION
650 _aMEDIATORS
690 _aDispute resolution
_96236
700 _aMackie, Karl
_xEditor
700 _aHardy, Tim
_xEditor
700 _aMassie, Graham
_xEditor
942 _n0
999 _c103851
_d103851